[Event "Doeberl Cup Major 48th"]
[Site "Canberra"]
[Date "2010.04.04"]
[Round "5"]
[White "Kingsley, Ross"]
[Black "De Noskowski, Adrian"]
[Result "0-1"]
[WhiteElo "1486"]
[BlackElo "1697"]
[PlyCount "46"]
[EventDate "2010.04.02"]
[EventType "swiss"]
[EventRounds "7"]
[EventCountry "AUS"]
[SourceTitle "EXT 2012"]
[Source "ChessBase"]
[SourceDate "2011.11.24"]
[SourceVersion "1"]
[SourceVersionDate "2011.11.24"]
[SourceQuality "1"]

1. d4 Nf6 2. c4 g6 3. Nc3 d5 4. Nf3 Bg7 5. e3 0-0 6. cxd5 Nxd5 7. g3 Nb6 8. Bg2 Nc6 9. 0-0 e5 10. dxe5 Nxe5 11. Nxe5 Bxe5 12. Qc2 c6 13. b3 Nd5 14. Bb2 Nb4 15. Qe4 Qa5 16. a3 Na6 17. b4 Qc7 18. Na4 Bxb2 19. Nxb2 Bf5 20. Qc4 Rad8 21. Rfd1 Qe5 22. Qe2 Nc7 23. Nd3 Bxd3 0-1

[Event "Doeberl Cup Major 47th"]
[Site "Canberra"]
[Date "2009.04.11"]
[Round "4"]
[White "Eustace, Sophie"]
[Black "Kingsley, Ross"]
[Result "1-0"]
[WhiteElo "1419"]
[BlackElo "1633"]
[PlyCount "61"]
[EventDate "2009.04.10"]
[EventType "swiss"]
[EventRounds "6"]
[EventCountry "AUS"]
[SourceTitle "CBM 129 Extra"]
[Source "ChessBase"]
[SourceDate "2009.05.05"]
[SourceVersion "2"]
[SourceVersionDate "2009.05.20"]
[SourceQuality "1"]

1. e4 c5 2. Nf3 e6 3. d4 cxd4 4. Nxd4 Nc6 5. a3 a6 6. Nc3 Qc7 7. Be2 Nf6 8. Be3 Be7 9. 0-0 0-0 10. Qd2 Ne5 11. f4 Neg4 12. h3 Nxe3 13. Qxe3 d6 14. g4 e5 15. Nf5 Bxf5 16. gxf5 d5 17. Qf3 d4 18. Nd1 Qxc2 19. fxe5 Nd7 20. Bd3 Qd2 21. Qg3 Nc5 22. f6 Bxf6 23. exf6 g6 24. Nf2 Qxb2 25. Qg5 Ne6 26. Qh6 b5 27. e5 Qc3 28. Rfc1 Qa5 29. Ne4 Rac8 30. Ng5 Qd2 31. Qxh7# 1-0

[Event "Doeberl Cup Major 47th"]
[Site "Canberra"]
[Date "2009.04.10"]
[Round "2"]
[White "Deen Cowell, Nicholas Andrew"]
[Black "Kingsley, Ross"]
[Result "1-0"]
[WhiteElo "1408"]
[BlackElo "1633"]
[PlyCount "69"]
[EventDate "2009.04.10"]
[EventType "swiss"]
[EventRounds "6"]
[EventCountry "AUS"]
[SourceTitle "CBM 129 Extra"]
[Source "ChessBase"]
[SourceDate "2009.05.05"]
[SourceVersion "2"]
[SourceVersionDate "2009.05.20"]
[SourceQuality "1"]

1. e4 c5 2. Nf3 e6 3. Nc3 Nc6 4. Bb5 Nge7 5. 0-0 a6 6. Bxc6 Nxc6 7. d3 g6 8. Bg5 Be7 9. Bxe7 Qxe7 10. Na4 Qd8 11. Nxc5 b6 12. Nb3 Bb7 13. Qd2 0-0 14. Qh6 Qf6 15. Ng5 Qg7 16. Qxg7+ Kxg7 17. f4 Rac8 18. c3 Ne7 19. Rae1 Rfd8 20. g4 h6 21. Nh3 f5 22. gxf5 gxf5 23. Re3 Rg8 24. Kf2 Kf7 25. Nd2 Rg4 26. Nc4 Rxc4 27. dxc4 Bxe4 28. Rg1 Rh4 29. Reg3 Kf6 30. Ke3 d6 31. Kf2 Kf7 32. b4 Ng6 33. Rxg6 Rxh3 34. Rg7+ Kf6 35. R1g6# 1-0